1241 1952 1862 1645 1460 1561 1651 1274 1431 1835 1583 1004 1347 1540 1835 1736 1205 1841 1931 1798 1366 1541 1621 1175 1272 1565 1817 1481 1377 1718 1521 1288 1141 1794 1615 1463 1950 1998 1821 1622 1183 1948 1757 1164 1449 1346 1336 1697 1764 1550 1081 1359 1016 1602 1531 1929 1411 1714 1305 1301 1761 1725 1282 1575 1912 1425 1136 1023 1142 1990 1849 1387 1795 1427 1980 1854 1375 1837 2000 1705 1536 1904 1915 1825 1552 1729 1733 1660 1216 1627 1815 1936 1059 1849 1183 1971 1682 1391 1801 BCNSPRNW ULIB Ver.6.0+V

เปลี่ยนเป็นภาษาไทย

Change to English
 แสดงรายละเอียดบรรณานุกรม
  กลับหน้าหลัก

Brief Record : Get Marc (ISO 2709) : E-mail record : QR code < ปิดหน้าต่าง
LEADER : 00000nam 2200000uu 4500
001    13399112299
003     ULIB
008    110426s2553||||th 000 0 tha d
020    9749240564
050  4 PE1131^bธ295S 2553
100 0  ธมลวรรณ ลาไม้
245 10 Say it in English/^cธมลวรรณ ลาไม้
250    พิพมพ์ครั้งที่ 5
260    กรุงเทพฯ :^bนพรัตน์,^c2553
300    260 หน้า
650  7 การฝึกภาษา
650  7 ภาษาอังกฤษ
945    ^p250^l0^i028441
945    ^p250^l0^i028442
945    ^p250^l0^i028443
995    ทศพร
999 ^a ใช้งานได้ทุกระบบ
รายการนี้ยังไม่มีแท็ก
คุณยังไม่ได้ล็อกอิน คุณสามารถมีกิจกรรมร่วมกับเว็บไซต์ได้ แต่ต้องล็อกอินก่อน ::
  ล็อกอิน

รายการสื่อสารสนเทศ

ลำดับที่ ประเภท เลขเรียก/บาร์โค้ด สถานที่ สถานะ
- ไม่พบข้อมูล -

รายการใกล้เคียง
    หัวเรื่อง [ภาษาอังกฤษ]

BibComment


ยังไม่เคยถูกคอมเมนท์

คอมเมนท์ทรัพยากรรายการนี้
  คอมเมนท์: Say it in English..


 Copyright 2026. Bcnsprnw @Library